Original Titles of Foreign Literature Quiz Stats

 Plays Quiz Updated Jan 27, 2016

Challenge
Share
Tweet
Embed
Score 0/10 Timer 04:00
2 Plays Today
Original Title Novel % Correct
L’ÉtrangerThe Stranger
94.7%
Анна КаренинаAnna Karenina
89.1%
El Amor en los Tiempos del CóleraLove in the Time of Cholera
86%
Der ProcessThe Trial
68%
οδύσσειαThe Odyssey
58.7%
O AlquimistaThe Alchemist
53.2%
孫子兵法 (Sūnzǐ Bīngfǎ)The Art of War
33.9%
Män som hatar kvinnorThe Girl With the Dragon Tattoo
32.3%
Nesnesitelná lehkost bytíThe Unbearable Lightness of Being
17.4%
Se una notte d'inverno un viaggiatoreIf on a Winter's Night a Traveller
12.9%

You're not logged in!

Compare scores with friends on all Sporcle quizzes.
OR
Log In

You Might Also Like...

Show Comments

Extras

Top Quizzes Today


Score Distribution

Your Account Isn't Verified!

In order to create a playlist on Sporcle, you need to verify the email address you used during registration. Go to your Sporcle Settings to finish the process.

Report this User

Report this user for behavior that violates our Community Guidelines.

Details: